Normal view MARC view

Entry Personal Name

Number of records used in: 1

001 - CONTROL NUMBER

  • control field: 1203300

003 - CONTROL NUMBER IDENTIFIER

  • control field: OSt

005 - DATE AND TIME OF LATEST TRANSACTION

  • control field: 20260324140137.0

008 - FIXED-LENGTH DATA ELEMENTS

  • fixed length control field: 260324|| aca||aabn | a|a d

040 ## - CATALOGING SOURCE

  • Original cataloging agency: OSt
  • Transcribing agency: OSt

100 ## - HEADING--PERSONAL NAME

  • Personal name: John Mullan; Harriet Devine Jump; Betty T Bennett; Pamela Clemit

670 ## - SOURCE DATA FOUND

  • Source citation: Work cat.: (OSt)1805038: John Mullan; Harriet Devine Jump; Betty T Bennett; Pamela Clemit, Lives of the Great Romantics, Part III, Volume 3
Copyright @ Delhi University Library System